Statistics for All universal Champions

Click here to take the quiz!

General Stats

  • This quiz has been taken 22 times
  • The average score is 5 of 8

Answer Stats

HintAnswer% Correct
2Roman Reigns
95%
3Brock Lesnar
86%
2Seth Rollins
81%
1Finn Balor
57%
2Goldberg
52%
1Kevin Owens
48%
2The Fiend
43%
1Braun Strowmann
19%

Score Distribution

Percentile by Number Answered

Percent of People with Each Score

Your Score History

You have not taken this quiz